000 00488nam a22001697a 4500
005 20240809125756.0
008 240809b |||||||| |||| 00| 0 eng d
020 _a9780639005300
041 _aEnglish
082 _a349 SOU
100 _lEnglish
245 _aIndex of South African Criminal Case 1910-2018
260 _aDurban:
_bLexisNexis (Pty) Ltd,
_c2018
300 _bxvi, 1092 pages;
_c25 cm.
650 _aLegal practice
_bLaw
942 _cBK
_6ALISON_BN_VRIES
999 _c2550
_d2550